000 00374 a2200157 4500
001 74933
020 _a9788573406924
040 _cAnchieta - Colégio São Paulo
100 _aRocha, Silvina
240 1 0 _aMateus e seu gato vermelho
_lpor
245 1 0 _aMateus e seu gato vermelho
300 _a31
362 0 _a2014
650 4 _aLiteratura infanto-juvenil
942 _cBK
999 _c74933
_d74933